000 01101nam a22002417a 4500
005 20240530110402.0
008 150121s2008 ua o p f b 000 0 ara d
040 _aEG-CaGPL
041 0 _aara
082 0 4 _221
_a916.22
_bق/م آ
100 0 _aمحمد عبدالفتاح السيد
245 1 0 _aاثار مصر الوسطى :
_bقاعدة المعلومات الجغرافية الاثرية ( AGIS ) و قاعدة المعلومات الاثرية الاستدلالية السياحية للموقع لالثرى فى مصر :المشروع الثانى /
_cمحمد عبدالفتاح السيد
260 _aالاسكندرية :
_bدار الوفاء لدنيا الطباعة و النشر ،
_c2008
300 _a342 ص :
_bصور ،
_c24 سم
504 _aببليوجرافية : ص 337 - 342
650 0 4 _aمقابر بن حسن
650 0 4 _aمصر الوسطى
_xاثار
650 0 4 _aواحة البحرية
_xاثار
650 0 4 _aابيدوس
_xاثار
650 0 4 _aتل العمارنة
_xاثار
942 _2ddc
_cBK
999 _c60275
_d60275